000 00261nam a22001097a 4500
008 230923b |||||||| |||| 00| 0 eng d
100 _aMaciver, R.M
_94778
245 _aModern State
260 _aLondon;
_bOxford Uni.Pub;
_c1966;
300 _a504p
942 _cBK
999 _c39742
_d39742